|
|
|
|
| LEADER |
00000cam a2200000 7i4500 |
| 001 |
0000002786 |
| 005 |
20040108.0 |
| 020 |
0 |
0 |
|a 012650850X
|
| 090 |
0 |
0 |
|a 582.01925
|b REG 1977
|
| 245 |
0 |
0 |
|a REGULATION of enzyme synthesis and activity in higher plants :
|b proceedings of the Phytochemical Society Symposium, Oxford, April 1976
|c edited by H. Smith
|
| 260 |
0 |
0 |
|a London ; New YorbAcademic Press ,
|c 1977
|
| 300 |
|
|
|a xv, 388 p. :
|b ill. ;
|c 24 cm.
|
| 440 |
0 |
0 |
|a Annual proceedings of the Phytochemical Society ; no. 14
|
| 500 |
0 |
0 |
|a Includes bibliographies and indexes
|
| 650 |
0 |
0 |
|a Plant enzymes
|x Congresses
|
| 650 |
0 |
0 |
|a Plant enzymes
|x Synthesis
|x Regulation
|x Congresses
|
| 700 |
0 |
1 |
|a Smith
|h H. ,
|d (Harry) ,
|c 1935-
|
| 998 |
|
|
|a JPSM
|
| 999 |
|
|
|a 0000003756
|b Monograph
|c Open Shelf
|e Default branch
|